Tallest Buildings in Vancouver - Statistics

General Stats
  • This quiz has been taken 47 times
    24 since last reset
  • The average score is 3 of 15
Answer Stats
Hint Answer % Correct
#1 Living Shangri-La
74%
#2 Paradox Hotel Vancouver
68%
#5 Vancouver House
53%
#8 Harbour Centre
26%
#6 Shaw Tower
26%
#6 One Wall Centre
21%
#14 Fairmont Pacific Rim
11%
#4 The Private Residences at Hotel Georgia
11%
#11 Bentall 5
5%
#15 Granville Square
0%
#8 MNP Tower
0%
#3 One Burrard Place
0%
#11 Park Place
0%
#11 Royal Centre
0%
#8 The Melville
0%
No matching quizzes found
Score Distribution
Percent of People with Each Score
Percentile by Number Answered
Your Score History
You have not taken this quiz since the last reset